| 000 | 00334nam a2200133Ia 4500 | ||
|---|---|---|---|
| 100 | _aMaskiell/E.C/ Galbraith/W | ||
| 942 | _cBK | ||
| 654 | _aPrecision Tool making And Measurement | ||
| 245 | _aPrecision Tool making And Measurement | ||
| 260 |
_bMc Graw Hill _aSydney _c1978 |
||
| 082 | _a621.9 | ||
| 300 | _a184 | ||
| 546 | _aENGLISH | ||
| 999 |
_c29285 _d29285 |
||